| 000 | 00589nam a2200181 i 4500 | ||
|---|---|---|---|
| 001 | 46836 | ||
| 003 | ES-MaACL | ||
| 005 | 20230906161444.0 | ||
| 007 | t| | ||
| 008 | 030401s1928 fr ||||1| fre d | ||
| 100 | 1 |
_aConrad, Joseph. _940217 |
|
| 245 | 1 | 3 |
_aLa folie-almayer / _cJoseph Conrad ; traduit de l'anglais par Geneviéve Seligmann-Lui. |
| 250 | _a12eme ed. | ||
| 260 |
_aParis : _bNouvelle Revue Française, _c[1928] ( _eLagny-Sur Marne : _fEmmanuel Grevin) |
||
| 300 |
_a219 p. ; _c19 cm. |
||
| 700 | 1 |
_aSeligmann-Lui, Geneviève. _9105309 |
|
| 852 |
_aES-MaACL _jA-3345 _bR.14794 |
||
| 999 |
_c46836 _d46836 |
||